| 000 | 00738nam a2200217 u 4500 | ||
|---|---|---|---|
| 005 | 20231124063615.0 | ||
| 008 | 170508s2011 r 000 0 eng d | ||
| 020 | _a9788484895794 (Iberoamericana) | ||
| 020 | _a9783865276544 (Vervuert) | ||
| 035 | _aUPN01000217555 | ||
| 049 | _aCG | ||
| 050 | 4 |
_aF1219.3 G6 _bS2.4 |
|
| 100 | 1 |
_aSanz Jara, Eva _940630 |
|
| 245 | 1 | 4 |
_aLos indios de la nación : _blos indígenas en los escritos de intelectuales y políticos del México independiente / _cEva Sanz Jara. |
| 260 |
_aMadrid : _bIberoamericana : _bVervuert, _c2011. |
||
| 300 | _a340 p. | ||
| 440 | 0 |
_aTiempo emulado ; _v19 |
|
| 650 | 4 |
_aIndígenas de México _xRelaciones con el gobierno _97938 |
|
| 905 | _aLibro | ||
| 999 |
_c189655 _d189655 |
||